| 000 | 00843nam a2200217 i 4500 | ||
|---|---|---|---|
| 001 | 183066 | ||
| 003 | ES-MaACL | ||
| 005 | 20231030134104.0 | ||
| 008 | 140114s2004 sp |||| | spa d | ||
| 080 | _a821.134.2-14"19" | ||
| 100 | 1 |
_aArias Mazuecos, Luis A. _9154180 |
|
| 245 | 1 | 0 |
_aDe amor y sueños / _cLuis A. Arias Mazuecos ; (prólogo de Daniel Escribano Vela). |
| 260 |
_a[Alcázar de San Juan] : _bAteneo de Alcázar de San Juan, _cD.L. 2004. |
||
| 300 |
_a80 p. ; _c21 cm. |
||
| 700 | 1 |
_aEscribano Vela, Daniel. _9154181 |
|
| 710 | 2 |
_aAteneo de Alcázar de San Juan. _9154177 |
|
| 852 |
_aES-MaACL _jA-13023 _91900000 _bR.149868 _cDEPO1 _dOlim: N-6023 _gDedicatoria autógrafa del autor _hDonación: Luis A. Arias Mazuecos |
||
| 903 |
_9154180 _aArias Mazuecos, Luis A. _ednr |
||
| 942 |
_2udc _cMONOGRAFIA |
||
| 999 |
_c183066 _d183066 |
||